Adventure Stories. (Record no. 1349461)

MARC details
000 -LEADER
fixed length control field 00433nam a2200181Ia 4500
008 - FIXED-LENGTH DATA ELEMENTS--GENERAL INFORMATION
fixed length control field 151202s9999||||xx |||||||||||||| ||und||
082 ## - DEWEY DECIMAL CLASSIFICATION NUMBER
Item number PNVM-84609
100 ## - MAIN ENTRY--PERSONAL NAME
Personal name Sutton Rodney.
245 ## - TITLE STATEMENT
Title Adventure Stories.
260 ## - PUBLICATION, DISTRIBUTION, ETC. (IMPRINT)
Name of publisher, distributor, etc "ARMADA ,LONDON."
260 ## - PUBLICATION, DISTRIBUTION, ETC. (IMPRINT)
Date of publication, distribution, etc 1992
300 ## - PHYSICAL DESCRIPTION
Extent 174
600 ## - SUBJECT ADDED ENTRY--PERSONAL NAME
Personal name Sutton Rodney.
630 ## - SUBJECT ADDED ENTRY--UNIFORM TITLE
Uniform title Adventure Stories.
700 ## - ADDED ENTRY--PERSONAL NAME
Personal name Sutton Rodney.
730 ## - ADDED ENTRY--UNIFORM TITLE
Uniform title Adventure Stories.
942 ## - ADDED ENTRY ELEMENTS (KOHA)
Koha item type Book
Holdings
Withdrawn status Lost status Damaged status Not for loan Home library Current library Date acquired Cost, normal purchase price Total Checkouts Full call number Barcode Date last seen Cost, replacement price Price effective from Koha item type
        Pune Nagar Vachan Mandir, Pune Pune Nagar Vachan Mandir, Pune 08/06/2015 150.00   PNVM-84609 PNVM-84609 12/02/2015 150.00 12/02/2015 Book